LEADER 01349nam--2200385---450- 001 990001921070203316 005 20100629093200.0 035 $a000192107 035 $aUSA01000192107 035 $a(ALEPH)000192107USA01 035 $a000192107 100 $a20040810d19691970km-y0itay0103----ba 101 0 $afre 102 $aBE 105 $a||||||||001yy 200 1 $a<> Codes et les lois speciales les plus usuelles en vigueur en Belgique$ematieres civiles et commerciales$fJean Servais, E. Mechelynck 210 $aBruxelles$cE. Bruylant$d1969-1970 215 $a5 v.$d22 cm 410 0$12001 454 1$12001 461 1$1001-------$12001 700 1$aSERVAIS,$bJean$0399471 701 1$aMECHELYNCK,$bEdouard$0278869 801 0$aIT$bsalbc$gISBD 912 $a990001921070203316 951 $aXXI.2. 38 1 (IG XV 159 I)$b43985 L.M.$cXXI.2. 38 1 (IG XV)$d00272270 951 $aXXI.2. 38 2 (IG XV 159 II)$b43986 L.M.$cXXI.2. 38 2 (IG XV)$d00272271 951 $aXXI.2. 38 3 (IG XV 159 III)$b43987 L.M.$cXXI.2. 38 3 (IG XV)$d00272272 959 $aBK 969 $aGIU 979 $aSIAV5$b10$c20040810$lUSA01$h1137 979 $aSIAV5$b10$c20050111$lUSA01$h1051 979 $aRSIAV4$b90$c20100629$lUSA01$h0932 996 $aCodes et les lois speciales les plus usuelles en vigueur en Belgique$9953302 997 $aUNISA LEADER 01568nam0 2200361 i 450 001 SUN0125715 005 20200414010455.693 010 $d0.00 017 70$2N$a9789811316456 100 $a20191203d2018 |0engc50 ba 101 $aeng 102 $aSG 105 $a|||| ||||| 200 1 $a*Systematic Exploration of Indolizine-Based Small Fluorescent Molecules$eSynthesis, Analysis and Application$fYoungjun Lee 205 $aSingapore : Springer, 2018 210 $aXXV$d187 p.$cill. ; 24 cm 215 $aPubblicazione in formato elettronico 410 1$1001SUN0104193$12001 $a*Springer theses$erecognizing outstanding Ph.D. research$1210 $aBerlin$aHeidelberg$cSpringer. 620 $aSG$dSingapore$3SUNL000061 676 $a660.63$cBiochimica industriale. Ingegneria biochimica$v22 676 $a540$cChimica generale$v22 676 $a571.4$cBiofisica$v22 676 $a579$cMicrobiologia$v22 676 $a610.28$cIngegneria biomedica$v22 676 $a610.153$cFisica medica$v22 700 1$aLee$b, Youngjun$3SUNV097135$0769290 712 $aSpringer$3SUNV000178$4650 801 $aIT$bSOL$c20200921$gRICA 856 4 $uhttps://link.springer.com/book/10.1007%2F978-981-13-1645-6#toc 912 $aSUN0125715 950 $aUFFICIO DI BIBLIOTECA DEL DIPARTIMENTO DI SCIENZE E TECNOLOGIE AMBIENTALI BIOLOGICHE E FARMACEUTICHE$d17CONS e-book 2112 $e17BIB2112 264 20191203 996 $aSystematic Exploration of Indolizine-Based Small Fluorescent Molecules$91568128 997 $aUNICAMPANIA